Countries Pope Benedict XVI has visited - Statistics

General Stats
  • This quiz has been taken 101 times
  • The average score is 16 of 26
Answer Stats
Continent Country % Correct
North America United States of America
97%
Europe Germany
96%
Europe France
87%
South America Brazil
85%
Europe Spain
85%
Europe United Kingdom
85%
Europe Italy
83%
Oceania Australia
82%
North America Mexico
79%
Europe Poland
78%
Asia/ Europe Turkey
77%
Europe Portugal
72%
Europe Austria
67%
Asia Israel
64%
North America Cuba
56%
Africa Angola
55%
Europe Croatia
50%
Asia Jordan
41%
Europe Czech Republic
38%
Africa Benin
36%
Asia Lebanon
36%
Europe Malta
36%
Europe San Marino
35%
Europe Cyprus
33%
Africa Cameroon
31%
Asia Palestine
21%
No matching quizzes found
Score Distribution
Percent of People with Each Score
Percentile by Number Answered
Your Score History
You have not taken this quiz